Sociedad en red 9 /

Guardado en:
Autor Principal: Tauber, Ricardo
Otros Autores: Bruno, Paula, Kwiatkowski, Nicolás, Damín, Roberto, Schmitt, Nancy
Formato: Libro
Publicado: Buenos Aires : A-z , 2001
Series:Serie de Tramas
Materias:
Etiquetas: Agregar Etiqueta
Sin Etiquetas, Sea el primero en etiquetar este registro!
LEADER 01709nam a22003375a 4500
001 CEM.cems010897
008 130507s2001##################000#0#####d
005 20220929194325.0
245 1 0 |a Sociedad en red 9 /  |c  Coordinado Por Ricardo Tauber... [et Al.] 
260 |a Buenos Aires :  |b A-z ,  |c 2001 
300 |a 311 p. 
490 0 |a Serie de Tramas 
500 |a Para 9°año Egb 
505 0 |a La historia del siglo XX -- El mundo entre 1870 y 1918 -- El mundo entre 1919 y 1945 -- El mundo desde 1945 -- América: modernidad y crisis -- América latina: autoritarismos, democracia y globalización -- La Argentina moderna (1880-1930) -- La Argentina de la restauración conservadora (1930-1945) -- El peronismo (1945-1955) -- Argentina 1956-1976: civiles y militares -- La Argentina desde 1976 -- El espacio geográfico argentino -- Las condiciones naturales -- La población de la Argentina -- Los espacios rurales y urbanos -- La organización del territorio -- La organización social y política -- La organización económica 
020 |a 9505346409 
100 1 |a Tauber, Ricardo 
700 1 |a Bruno, Paula 
700 1 |a Kwiatkowski, Nicolás 
700 1 |a Damín, Roberto 
700 1 |a Schmitt, Nancy 
082 0 4 |a Z302 
653 |a Ciencia sociales 
653 |a Ciencias sociales-9°egb 
653 |a Historia contemporánea 
653 |a Historia argentina 
653 |a Geografía argentina 
653 |a Formación ética 
653 |a Historia del arte 
859 |a CEMS  |b BIB. CEMS - Agricultura  |h 302  |i T191  |p A3407.21  |t Ej.1  |v 9 
859 |a CEMS  |b BIB. CEMS - 11 de abril  |h Z302  |i T191  |p 21632.02  |t Ej.1  |v 9º  |3 9º 
859 |a CEMS  |b BIB. CEMS - 11 de abril  |h Z302  |i T191  |p 21646.02  |t Ej.2  |v 9º  |3 9º